000 00617nam a22001817a 4500
010 _aENG-120527
020 _a9788188965946
_c795.00
035 _aEN-104059
037 _bDBAD/PUB
082 _a158.2
100 _aPatel, Geeta
245 _aRisky bodies and techno-intemacy :
_breflictions on sexuality.media.science.finance /
_cby Geeta Patel
260 _aNew Delhi
_bWomen Unlimited
_c2016
270 _a7/10, First Floor, Sarvapriya Vihar,
_bDelhi
_e110016
300 _axii,373p.
_b22cm(Hb).
500 _aIncludes bibliographical references and index
942 _2ddc
_cEN
_h158.2
_mPAT
999 _c144243
_d144243